Consumer credit risk management / (Record no. 739)

MARC details
000 -LEADER
fixed length control field 01923cam a22003617a 4500
001 - CONTROL NUMBER
control field 15530755
005 - DATE AND TIME OF LATEST TRANSACTION
control field 20210414113928.0
008 - FIXED-LENGTH DATA ELEMENTS--GENERAL INFORMATION
fixed length control field 081121s2008 enka b 001 0 eng d
010 ## - LIBRARY OF CONGRESS CONTROL NUMBER
LC control number 2008278175
020 ## - INTERNATIONAL STANDARD BOOK NUMBER
International Standard Book Number 190640321X (pbk.)
020 ## - INTERNATIONAL STANDARD BOOK NUMBER
International Standard Book Number 9781906403218 (pbk.)
035 ## - SYSTEM CONTROL NUMBER
System control number (OCoLC)ocn190778046
040 ## - CATALOGING SOURCE
Original cataloging agency YDXCP
Transcribing agency YDXCP
Modifying agency BTCTA
-- BAKER
-- BWK
-- BWX
-- OCLCQ
-- IXA
-- DLC
042 ## - AUTHENTICATION CODE
Authentication code lccopycat
043 ## - GEOGRAPHIC AREA CODE
Geographic area code e-uk---
050 00 - LIBRARY OF CONGRESS CALL NUMBER
Classification number HG3756.G7M36
Item number
082 00 - DEWEY DECIMAL CLASSIFICATION NUMBER
Classification number 658.8/83
Edition number 22
100 1# - MAIN ENTRY--PERSONAL NAME
Personal name McNab, Helen.
245 10 - TITLE STATEMENT
Title Consumer credit risk management /
Statement of responsibility, etc. Helen McNab, Peter Taylor.
260 ## - PUBLICATION, DISTRIBUTION, ETC.
Place of publication, distribution, etc. London, U.K. :
Name of publisher, distributor, etc. Global Professional Publishing,
Date of publication, distribution, etc. 2008.
300 ## - PHYSICAL DESCRIPTION
Extent xiv, 380 p. :
Other physical details ill. ;
Dimensions 24 cm.
500 ## - GENERAL NOTE
General note "A special edition of the IFS School of Finance text of Consumer credit risk management printed by Global Professional Publishing under license from IFS School of Finance"--P. [4] of cover.
504 ## - BIBLIOGRAPHY, ETC. NOTE
Bibliography, etc. note Includes bibliographical references and index.
505 ## - FORMATTED CONTENTS NOTE
Formatted contents note Contents: Consumer credit environment -- Data and databases -- Application scorecards -- Behavioural scorecards -- Scorecards for credit marketing -- Financial forecasting and basel rating models --Governance -- New application credit strategies -- Post-acquisition credit strategies -- Fraud prevention strategies -- The Management of provisions and regulatory capital -- Application processing -- Account management -- Fraud management -- Delinquent account management -- External agents -- Litigation -- Regulatory and volutary bodies.
650 #0 - SUBJECT ADDED ENTRY--TOPICAL TERM
Topical term or geographic name entry element Consumer credit
Geographic subdivision Great Britain.
650 #0 - SUBJECT ADDED ENTRY--TOPICAL TERM
Topical term or geographic name entry element Risk management
Geographic subdivision Great Britain.
650 #0 - SUBJECT ADDED ENTRY--TOPICAL TERM
Topical term or geographic name entry element Banks and banking
Geographic subdivision Great Britain.
700 1# - ADDED ENTRY--PERSONAL NAME
Personal name Taylor, Peter.
710 2# - ADDED ENTRY--CORPORATE NAME
Corporate name or jurisdiction name as entry element IFS School of Finance.
906 ## - LOCAL DATA ELEMENT F, LDF (RLIN)
a 7
b cbc
c copycat
d 2
e ncip
f 20
g y-gencatlg
942 ## - ADDED ENTRY ELEMENTS (KOHA)
Source of classification or shelving scheme Library of Congress Classification
Koha item type Books
Holdings
Withdrawn status Lost status Source of classification or shelving scheme Damaged status Not for loan Home library Current library Shelving location Date acquired Total Checkouts Full call number Barcode Date last seen Copy number Price effective from Koha item type
    Library of Congress Classification     WISCONSIN INTERNATIONAL UNIVERSITY COLLEGE, GHANA - MAIN LIBRARY WISCONSIN INTERNATIONAL UNIVERSITY COLLEGE, GHANA - MAIN LIBRARY General Stacks 20/04/2012   HG3756.G7M36 1797/12 20/04/2012 1 20/04/2012 Books
    Library of Congress Classification     WISCONSIN INTERNATIONAL UNIVERSITY COLLEGE, GHANA - MAIN LIBRARY WISCONSIN INTERNATIONAL UNIVERSITY COLLEGE, GHANA - MAIN LIBRARY General Stacks 20/04/2012   HG3756.G7M361 1798/12 20/04/2012 2 20/04/2012 Books
    Library of Congress Classification     WISCONSIN INTERNATIONAL UNIVERSITY COLLEGE, GHANA - MAIN LIBRARY WISCONSIN INTERNATIONAL UNIVERSITY COLLEGE, GHANA - MAIN LIBRARY General Stacks 20/04/2012   HG3756.G7M362 1799/12 20/04/2012 3 20/04/2012 Books
    Library of Congress Classification     WISCONSIN INTERNATIONAL UNIVERSITY COLLEGE, GHANA - MAIN LIBRARY WISCONSIN INTERNATIONAL UNIVERSITY COLLEGE, GHANA - MAIN LIBRARY General Stacks 20/04/2012   HG3756.G7M363 1800/12 20/04/2012 4 20/04/2012 Books
    Library of Congress Classification     WISCONSIN INTERNATIONAL UNIVERSITY COLLEGE, GHANA - MAIN LIBRARY WISCONSIN INTERNATIONAL UNIVERSITY COLLEGE, GHANA - MAIN LIBRARY   24/04/2012   HG3756.G7M364 1885/12 24/04/2012 5 24/04/2012 Books

If you have any concerns or questions; kindly contact the library


© Powered by WIUC ICT DIRECTORATE